Dendrología y vegetación superior de la Reserva Biológica Sasardi (Trigana, Chocó) (Registro nro. 964)

Detalles MARC
000 -CABECERA
Campo de control 00705nam a2200241 a 4500
005 - FECHA Y HORA DE LA ULTIMA TRANSACCION
Campo de control 20191224041549.0
008 - ELEMENTOS DE LONGITUD FIJA—INFORMACION GENERAL
Campo de control 140224b1996 ck ||||| |||| 00| 0 spa d
040 ## - FUENTE DE CATALOGACIÓN
Agencia catalogadora original CO-BoIAVH
Agencia transcriptora CO-BoIAVH
041 ## - IDIOMA
Código de idioma para texto/pista de sonido o título separado Español
044 ## - PAÍS DE PUBLICACIÓN
País de publicación Colombia
090 ## - CLASIFICACIÓN LOCAL
Colección IND-
100 1# - ASIENTO PRINCIPAL--NOMBRE PERSONAL
Nombre personal Mahecha Vega, Gilberto Emilio
9 (RLIN) 8734
245 1# - MENCION DE TITULO
Título Dendrología y vegetación superior de la Reserva Biológica Sasardi (Trigana, Chocó)
260 ## - PUBLICACION, DISTRIBUCION, ETC. (PIE DE IMPRENTA)
Lugar de publicación, distribución, etc. Bogotá:
Nombre del editor, distribuidor, etc. Inderena;
Fecha de publicación, distribución, etc. 1996.
300 ## - DESCRIPCION FISICA
Extensión 85 páginas
500 ## - NOTA GENERAL
Nota general Proyecto Biopacífico
650 1# - ASIENTO SECUNDARIO DE MATERIA - TERMINO TEMATICO
Término temático o nombre geográfico como elemento de entrada Dendrología
9 (RLIN) 3762
650 #6 - ASIENTO SECUNDARIO DE MATERIA - TERMINO TEMATICO
Término temático o nombre geográfico como elemento de entrada Vegetación
9 (RLIN) 88242
650 #6 - ASIENTO SECUNDARIO DE MATERIA - TERMINO TEMATICO
Término temático o nombre geográfico como elemento de entrada Inventarios
9 (RLIN) 92201
650 #6 - ASIENTO SECUNDARIO DE MATERIA - TERMINO TEMATICO
Término temático o nombre geográfico como elemento de entrada Uso de biodiversidad
9 (RLIN) 343
662 ## - ASIENTO SECUNDARIO DE MATERIA - JERARQUIA DEL NOMBRE DE LUGAR(
País o entidad mayor Colombia
Jurisdicción política de primer orden Chocó
942 ## - ELEMENTOS ADICIONALES (KOHA)
Tipo de ítem Informe Técnico
Sistema de clasificación Local
Koha issues (borrowed), all copies 2
Existencias
Withdrawn status Lost status Sistema de Clasificación Damaged status No para préstamo Colección Ubicación Permanente Ubicación actual Fecha de adquisición Total Checkouts Número topográfico Inventario / Código de Barras Date last seen Date checked out Ejemplar Price effective from Forma de adquisición Tipo de material Control de visualización Fuente de adquisición
    Local     Fondo Inderena Bogotá Bogotá 13/01/1999 2 IND-I-94 001335 01/12/2017 01/12/2017 Ej. 1 04/12/2012 Traslado Inderena Informe Técnico    
  Extraviado Local     Fondo Inderena Villa de Leyva Villa de Leyva 09/01/2002   IND- 001336 04/12/2012   Ej. 2 04/12/2012   Informe Técnico Oculto en el OPAC Programa Becas